000 00563nam a22001937a 4500
005 20260311141304.0
020 _a978-93-5000-247-6
041 _aeng
082 _223rd ed.
_aH Aut 833
_bAAD
245 _aAadhunik kahani : Austria
_cedited & translated by Amrit Mehta
260 _aNew Delhi
_bVani Prakashan
_c2010
300 _a212p.;
_c23 cm.
650 _aGerman fiction
650 _aShort stories, German
650 _aGerman- Translations into Hindi
700 _aMehta, Amrit (ed. & tr.)
856 _uwww.vaniprakashan.in
942 _cBK
999 _c184543
_d184542